00750nam a2200241 a 4500001001300000003000900013005001700022008004100039020002300080082002100103100001700124245006100141260005200202300000900254500003500263505001000298650002900308700001700337902000800354942000700362952012200369999001700491nice12345678IN_TiNIC20260116013645.0050524s1991 bera grp 000 0 eng  a0520912 c10000a341.4810956bDWY aDwyer, Kevin aArab Voicesb the Human Rights Debate in the Middle East aBerkeleybUniversity of California Press c1991 a245p aincludes index and biblioraphy2 aIndex aHuman Rights-Middle East1 aDwyer, Kevin bSRS cBK 001040708StackRoom-aHMIbHMId2007-06-04g100.00l0o341.4810956 DWYp016755r2007-06-04v100.00w2005-05-24yBK c11840d11840